Normal view MARC view
  • Hindi Kavita / Poetry

Entry Topical Term

Number of records used in: 1

001 - CONTROL NUMBER

  • control field: 9012

003 - CONTROL NUMBER IDENTIFIER

  • control field: JRU

005 - DATE AND TIME OF LATEST TRANSACTION

  • control field: 20260417103728.0

008 - FIXED-LENGTH DATA ELEMENTS

  • fixed length control field: 260417|| aca||aabn | a|a d

040 ## - CATALOGING SOURCE

  • Original cataloging agency: JRU
  • Transcribing agency: JRU

150 ## - HEADING--TOPICAL TERM

  • Topical term or geographic name as entry element: Hindi Kavita / Poetry

670 ## - SOURCE DATA FOUND

  • Source citation: Work cat.: (JRU)9114: BHUSHAN SARIKA 9011, THODA- THODA AADMI: Choti choti kavitaein , 2025